| 000 | 00477nam a2200157 a 4500 | ||
|---|---|---|---|
| 005 | 20140412111316.0 | ||
| 008 | 010309s19uu xx 00 eng d | ||
| 020 | _a0-09-930721-9 | ||
| 050 |
_aM 567.9 _bD16 1993 |
||
| 100 | _aLarson, Wendy | ||
| 245 |
_aThe Dinosaurs of Jurassic Park / _cby Wendy Larson with photos from the movie Jurassic Park. |
||
| 260 |
_aLondon : _bRed Fox, _c1993. |
||
| 300 | _a1 v. (unp.) ; ill. | ||
| 650 | _aAdventures - Fiction | ||
| 999 |
_c104217 _d104217 |
||